000 00800 a2200205 4500
003 Nust
005 20220816092144.0
010 _a 98009671
020 _a0133732266(alk. paper)
040 _cNust
082 0 0 _a621.382,SCH
100 1 _aSchweber, William L.
_997363
245 1 0 _aElectronic communication systems :
_ba complete course /
_cWilliam Schweber.
250 _a2nd ed.
260 _aUpper Saddle River, N.J. :
_bPrentice Hall,
_cc1999.
300 _axii, 788 p. :
_bill. (some col.) ;
_c26 cm.
505 _aSpectrum, Noise and Modulation (Page-1), Media, Transmission Lines and Wave Propagation (Page-195), Digital Systems (Page-294), Communication Systems and Applications (Page-416), Broadband Systems (Page-667),
650 0 _aTelecommunication Engineering.
942 _cREF
_2ddc
999 _c175852
_d175852